000 00693cab a2200229 4500
001 WB3344-29
008 090401t1997 xxu||||| |||| 00| 0 eng d
035 _a(Sirsi) u82085
041 _aeng
245 _aGuide to combat soil erosion
260 _c1997
350 _a0
490 _aMAFF News Release
_v(348/97) 11 November 1997, (2)
520 _aGovernment has published a new booklet aimed at tackling soil erosion. The guide is aimed at farmers and land managers and is available from MAFF on 0645 556000.
650 _aEROSION CONTROL
650 _aFARMERS
650 _aLAND MANAGEMENT
650 _aSOIL EROSION
690 _aLAND
942 _n0
948 _c13/11/1997
999 _c51777
_d51777